| 000 | 00941nas a2200325 4500 | ||
|---|---|---|---|
| 001 | BR2011000157 | ||
| 003 | BR-BrBNA | ||
| 005 | 20231205114350.0 | ||
| 007 | ta | ||
| 008 | 230509b bl.|||p| |||| 00| 00por d | ||
| 040 |
_aBR-BrBNA _bpor _cBiblioteca Nacional de Agricultura |
||
| 041 | _a(Pt) | ||
| 072 | _aH60; U10 | ||
| 100 | 1 | _aStreck, N.A | |
| 100 | 1 | _aBosco, L.C. | |
| 100 | 1 | _aLucas, D.D.P. | |
| 100 | 1 | _aLago, I. | |
| 245 | 1 | _aModelagem da emissão de folhas em arroz cultivado e em arroz vermelho | |
| 650 | _aARROZ IRRIGADO | ||
| 650 | _aARROZ VERMELHO | ||
| 650 | _aFOLHA | ||
| 650 | _aGENÓTIPO | ||
| 650 | _aERVA DANINHA | ||
| 650 | _aMODELO MATEMÁTICO | ||
| 650 | _aCRESCIMENTO | ||
| 650 | _aRIO GRANDE DO SUL | ||
| 773 | 0 |
_tPesquisa Agropecuária Brasileira (Brazil) _xISSN 0100-204X _g(May 2008), v. 43(5) p. 559-567 _wBR2011000157 |
|
| 909 |
_a202311 _bLúcia _c55 _dLúcia Elande |
||
| 942 |
_2AGRIS _n0 _cANA |
||
| 999 |
_c208439 _d208439 |
||